| 000 | 01283nam a22002417a 4500 | ||
|---|---|---|---|
| 005 | 20240814173940.0 | ||
| 008 | s2540 th tha d | ||
| 020 | _a9747716739 | ||
| 040 | _aNALT | ||
| 041 | _atha | ||
| 100 | 0 | _aวิษณุ วรัญญู | |
| 245 | 1 | 0 | _aแนวทางการพัฒนากฎหมายเกี่ยวกับการให้การสนับสนุนทางการเงินและประโยชน์อย่างอื่นจากรัฐและเอกชนแก่พรรคการเมืองและสมาชิกพรรคการเมือง [2540] |
| 260 | 3 |
_aกรุงเทพฯ : _bนิติธรรม, _c2540 |
|
| 300 |
_a171 หน้า : _b ตาราง ; _c 26 ซม. |
||
| 650 | 0 | 4 | _aพรรคการเมือง -- การเงิน |
| 650 | 0 | 4 | _aพรรคการเมือง -- เงินทุนอุดหนุน |
| 650 | 0 | 4 | _aพรรคการเมือง -- ไทย -- ค่าใช้จ่าย |
| 700 | 0 | _aวิษณุ วรัญญู | |
| 850 | _aNALT | ||
| 942 |
_cLB _2lcc |
||
| 999 |
_c17223 _d17223 |
||
| 998 |
_j25 _k นีลวัสน์ อินทรักษา |
||
| 090 | _aKD111 ว768น 2540 | ||